Dirección y desempeño ejecutivo / (Registro nro. 6143)
[ vista simple ]
| 000 -LEADER | |
|---|---|
| fixed length control field | 01348nam a2200289Ia 4500 |
| 003 - CONTROL NUMBER IDENTIFIER | |
| control field | OSt |
| 005 - DATE AND TIME OF LATEST TRANSACTION | |
| control field | 20210112150226.0 |
| 008 - FIXED-LENGTH DATA ELEMENTS--GENERAL INFORMATION | |
| fixed length control field | 191128s1960 mx gr 000 0 spa d |
| 040 ## - CATALOGING SOURCE | |
| Original cataloging agency | CO-JMCR |
| Transcribing agency | CO-JMCR |
| 041 0# - LANGUAGE CODE | |
| Language code of text/sound track or separate title | spa |
| 082 04 - DEWEY DECIMAL CLASSIFICATION NUMBER | |
| Classification number | 658.407 / |
| Item number | S531d |
| Edition number | 23 |
| 100 1# - MAIN ENTRY--PERSONAL NAME | |
| Personal name | Shartle, Carroll L., |
| Relator term | autor |
| 9 (RLIN) | 12831 |
| 245 10 - TITLE STATEMENT | |
| Title | Dirección y desempeño ejecutivo / |
| Statement of responsibility, etc. | Carroll L. shartle ; traducción al español de Jaime Vázquez Vázquez |
| 250 ## - EDITION STATEMENT | |
| Edition statement | Primera edición |
| 260 ## - PUBLICATION, DISTRIBUTION, ETC. | |
| Place of publication, distribution, etc. | México : |
| Name of publisher, distributor, etc. | Editorial Herrero Hermanos Sucs, |
| Date of publication, distribution, etc. | 1960 |
| 300 ## - PHYSICAL DESCRIPTION | |
| Extent | xiii, 321 páginas ; |
| Dimensions | 24 cm. |
| 500 ## - GENERAL NOTE | |
| General note | Bibliografía al final de cada capítulo. |
| 505 0# - FORMATTED CONTENTS NOTE | |
| Formatted contents note | El problema de la dirección ejecutiva -- El complejo circunstancial -- Organizaciones -- Cuadros y deberes ejecutivos -- Desempeño de la dirección -- Efectividad ejecutiva --Motivaciones administrativas -- Terapia de la organización |
| 520 0# - SUMMARY, ETC. | |
| Summary, etc. | Presentamos una de las obras más importantes publicadas en Norteamérica, donde se analiza psicológicamente el problema de la dirección y desempeño ejecutivo. |
| 534 ## - ORIGINAL VERSION NOTE | |
| Introductory phrase | Executive performance and leadership |
| 546 ## - LANGUAGE NOTE | |
| Language note | Traducido del inglés |
| 650 24 - SUBJECT ADDED ENTRY--TOPICAL TERM | |
| Topical term or geographic name entry element | Ejecutivos |
| 9 (RLIN) | 11642 |
| 650 24 - SUBJECT ADDED ENTRY--TOPICAL TERM | |
| Topical term or geographic name entry element | Evaluación del trabajo |
| 9 (RLIN) | 325 |
| 650 24 - SUBJECT ADDED ENTRY--TOPICAL TERM | |
| Topical term or geographic name entry element | Aptitud de mando |
| 9 (RLIN) | 165 |
| 700 1# - ADDED ENTRY--PERSONAL NAME | |
| Personal name | Vázquez Vázquez, Jaime, |
| Relator term | traductor |
| 9 (RLIN) | 2820 |
| 942 ## - ADDED ENTRY ELEMENTS (KOHA) | |
| Source of classification or shelving scheme | Dewey Decimal Classification |
| Koha item type | Books |
| Withdrawn status | Lost status | Source of classification or shelving scheme | Materials specified (bound volume or other part) | Damaged status | Not for loan | Home library | Current library | Shelving location | Date acquired | Source of acquisition | Full call number | Barcode | Date last seen | Copy number | Price effective from | Koha item type |
|---|---|---|---|---|---|---|---|---|---|---|---|---|---|---|---|---|
| Dewey Decimal Classification | Donación--15/04/2018-- | Biblioteca Pública José María del Castillo y Rada | Biblioteca Pública José María del Castillo y Rada | General Stacks | 11/28/2019 | Donación | 658.407 / S531d | 430012101 | 05/16/2024 | Ej.1 | 11/28/2019 | Books |